सफ़र में हूँ: (Record no. 202508)

MARC details
000 -LEADER
fixed length control field 00843nam a22002297a 4500
005 - DATE AND TIME OF LATEST TRANSACTION
control field 20240501163619.0
010 ## - LCCN (DPL NO)
LC control number HIN-127440
020 ## - INTERNATIONAL STANDARD BOOK NUMBER
International Standard Book Number 9788182800540
Terms of availability 250.00
035 ## - SYSTEM CONTROL NUMBER
System control number HN-99786
037 ## - SOURCE OF ACQUISITION
Source of stock number/acquisition DBAD
082 ## - DEWEY DECIMAL CLASSIFICATION NUMBER
Classification number 841
100 ## - MAIN ENTRY--PERSONAL NAME
Personal name शशिकांत
245 ## - TITLE STATEMENT
Title सफ़र में हूँ:
Remainder of title गजल-संग्रह /
Statement of responsibility, etc शशिकांत
246 ## - VARYING FORM OF TITLE
Title proper/short title Main Safar May Hun
Remainder of title by Shashikant
250 ## - EDITION STATEMENT
Edition statement प्रथम
260 ## - PUBLICATION, DISTRIBUTION, ETC. (IMPRINT)
Place of publication, distribution, etc दिल्ली
Name of publisher, distributor, etc अमृत प्रकाशन
Date of publication, distribution, etc 2011
270 ## - ADDRESS
Address शाहदरा
City दिल्ली
Postal code 110032
300 ## - PHYSICAL DESCRIPTION
Extent 96पृ.:
Dimensions 22सेमी (सजिल्द)
Other physical details सचित्र
650 ## - SUBJECT ADDED ENTRY--TOPICAL TERM
Topical term or geographic name as entry element हिन्दी कविता
650 ## - SUBJECT ADDED ENTRY--TOPICAL TERM
Topical term or geographic name as entry element Hindi poetry
942 ## - ADDED ENTRY ELEMENTS (KOHA)
Source of classification or shelving scheme Dewey Decimal Classification
Item type Hindi Books
Classification part 841
Call number suffix शशिकां
Holdings
Withdrawn status Lost status Not for loan Collection code Home library Current library Date acquired Source of acquisition Cost, normal purchase price Full call number Barcode Copy number Cost, replacement price Koha item type
      Non-fiction Ashok Vihar Ashok Vihar 01/05/2024 DBAD 250.00 841 शशिकां HN-99786 1 250.00 Hindi Books

© Delhi Public Library
Hit Counter
free hit counter